书目信息 |
| 题名: |
桥梁上部结构现场浇筑施工
|
|
| 作者: | 马亮 著 | |
| 分册: | ||
| 出版信息: | 北京 人民交通出版社 2010.03 |
|
| 页数: | 127页 | |
| 开本: | 26cm | |
| 丛书名: | ||
| 单 册: | ||
| 中图分类: | U445.57 | |
| 科图分类: | ||
| 主题词: | 桥涵工程 | |
| 电子资源: | ||
| ISBN: | 978-7-114-08222-1 | |
| 000 | 00898 nam 000265 | |
| 001 | 0100016355 | |
| 005 | 20120418102700.14 | |
| 010 | @a978-7-114-08222-1@dCNY35.00 | |
| 100 | @a20101125d1997 em y0chiy0121 ea | |
| 101 | @achi | |
| 102 | @aCN@b110000 | |
| 105 | @ay z 000yy | |
| 200 | 10 | @a桥梁上部结构现场浇筑施工@Aqiao liang shang bu jie gou xian chang jiao zhu shi gong@f马亮著@Fma liang zhu |
| 210 | @a北京@c人民交通出版社@d2010.03 | |
| 215 | @a127页@d26cm | |
| 300 | @a国家示范性高等职业院校课程改革教材 | |
| 330 | @a本书共六个学习情境,分别是:识读、审核施工图纸,成品及半成品试验,施工组织设计,施工测量,上部结构现浇施工,上部结构质量检测与评定。 | |
| 410 | 0 | @12001 |
| 540 | @a桥梁上部结构现场浇筑施工 | |
| 606 | @a桥涵工程 | |
| 690 | @aU445.57@v4 | |
| 701 | 0 | @a马亮@Ama liang@4著 |
| 801 | @aCN@bDYGS@c20101108 | |
| 901 | @a211124 | |
| 905 | @b974326-8@dU445.57@eM093@f3 | |
| 桥梁上部结构现场浇筑施工/马亮著.-北京:人民交通出版社,2010.03 |
| 127页;26cm |
| 国家示范性高等职业院校课程改革教材 |
| ISBN 978-7-114-08222-1:CNY35.00 |
| 本书共六个学习情境,分别是:识读、审核施工图纸,成品及半成品试验,施工组织设计,施工测量,上部结构现浇施工,上部结构质量检测与评定。 |
| ● |
| 相关链接 |
|
|
|
正题名:桥梁上部结构现场浇筑施工
索取号:U445.57/M093
 
预约/预借
| 序号 | 登录号 | 条形码 | 馆藏地/架位号 | 状态 | 备注 |
| 1 | 486405 | 204864058 | 土木与交通工程学院资料室/ [索取号:U445.57/M093] | 在馆 | |
| 2 | 974326 | 209743269 | 自科库501/501自科库 54排3列3层/ [索取号:U445.57/M093] | 在馆 | |
| 3 | 974327 | 209743278 | 自科库501/501自科库 54排3列3层/ [索取号:U445.57/M093] | 在馆 | |
| 4 | 974328 | 209743287 | 自科库501/501自科库 54排3列3层/ [索取号:U445.57/M093] | 在馆 |